Risk management and insurance
For many years, introductory insurance textbooks presented insurance as a subject based in contracts. Slowly, the course has moved toward a consumer orientation, providing students with a broad, descriptive survey of the insurance field, covering topics such as legal aspects, life and health, and pr...
Tallennettuna:
| Päätekijä: | |
|---|---|
| Aineistotyyppi: | Kirja |
| Kieli: | Undetermined |
| Julkaistu: |
Boston, Mass.
McGraw-Hill
2004
|
| Aiheet: | |
| Tagit: |
Lisää tagi
Ei tageja, Lisää ensimmäinen tagi!
|
| Thư viện lưu trữ: | Trung tâm Học liệu Trường Đại học Cần Thơ |
|---|
| LEADER | 01427nam a2200205Ia 4500 | ||
|---|---|---|---|
| 001 | CTU_153327 | ||
| 008 | 210402s9999 xx 000 0 und d | ||
| 020 | |c 106.29 | ||
| 082 | |a 368 | ||
| 082 | |b H299/2nd | ||
| 100 | |a Harrington, Scott E. | ||
| 245 | 0 | |a Risk management and insurance | |
| 245 | 0 | |c Scott E. Harrington, Gregory R. Niehaus | |
| 260 | |a Boston, Mass. | ||
| 260 | |b McGraw-Hill | ||
| 260 | |c 2004 | ||
| 520 | |a For many years, introductory insurance textbooks presented insurance as a subject based in contracts. Slowly, the course has moved toward a consumer orientation, providing students with a broad, descriptive survey of the insurance field, covering topics such as legal aspects, life and health, and property and liability. Over the past 10 years, textbooks began to promote, and to a limited degree, incorporate a stronger business risk management component while maintaining a consumer orientation. Harrington/Niehaus' Risk Management and Insurance 2e is written to take the next step offering the essential aspects of insurance contracts and the insurance industry while providing a substantially more conceptual analysis and attention to business risk management and public policy issues that exists in current texts | ||
| 650 | |a Risk (Insurance),Risk management,Rủi ro (Bảo hiểm),Quản lý rủi to | ||
| 904 | |i Nguyên | ||
| 980 | |a Trung tâm Học liệu Trường Đại học Cần Thơ | ||